| 000 | 00571nam a22001817a 4500 | ||
|---|---|---|---|
| 999 |
_c196719 _d196719 |
||
| 005 | 20230721153518.0 | ||
| 010 | _aENG-137514 | ||
| 020 |
_c260.00 _a9789350350027 |
||
| 035 | _aEN-121046 | ||
| 037 | _bDBAD/PUB | ||
| 082 | _a364.66095 | ||
| 100 | _aDas, P.K. | ||
| 245 |
_aSupreme Court on Rarest of Rare Cases/ _cby P.K.Das |
||
| 260 |
_aDelhi _bUniversal Law Publishing Co. Pvt. Ltd. _c2011 |
||
| 270 |
_aC-FF-1A, Dilkhush Industrial Estate, G.T. Karnal Road _bDelhi _e110033 |
||
| 300 |
_a243;p. _c24cm(pbk) |
||
| 942 |
_2ddc _cEN _h364.660954 _mDAS |
||